Normal view
MARC view
- Mathematical analysis
Entry Corporate Name
001 - CONTROL NUMBER
- control field: 130708
003 - CONTROL NUMBER IDENTIFIER
- control field: NUST
005 - DATE AND TIME OF LATEST TRANSACTION
- control field: 20250925125123.0
008 - FIXED-LENGTH DATA ELEMENTS
- fixed length control field: 250925|| aca||aabn | a|a d
040 ## - CATALOGING SOURCE
- Original cataloging agency: NUST
- Transcribing agency: NUST
110 ## - HEADING--CORPORATE NAME
- Corporate name or jurisdiction name as entry element: Mathematical analysis
670 ## - SOURCE DATA FOUND
- Source citation: Work cat.: (NUST)180218: Apostol, Tom M. 8806, Mathematical analysis; a modern approach to advanced calculus, 1957
